[Event "1st League CS 2011"]
[Site "Kraljevo"]
[Date "2011.09.23"]
[Round "9.1"]
[White "Mista, Aleksander"]
[Black "Pantelic, Sasa"]
[Result "0-1"]
[WhiteElo "2561"]
[BlackElo "2334"]
[PlyCount "72"]
[EventDate "2011.09.17"]

1. e4 c5 2. Nf3 d6 3. d4 cxd4 4. Nxd4 Nf6 5. Nc3 g6 6. Be3 Bg7 7. f3 O-O 8. Qd2
Nc6 9. O-O-O Be6 10. Kb1 Ne5 11. h4 Rc8 12. g4 h5 13. gxh5 Nxh5 14. f4 Bg4 15.
fxe5 Bxd1 16. Nxd1 Ng3 17. Qg2 Nxh1 18. e6 Qa5 19. Be2 Bxd4 20. Bxd4 Qd2 21. c3
Ng3 22. Qxg3 Qxe2 23. Nf2 Kh7 24. Qg5 f6 25. Qf4 Qh5 26. a3 b6 27. Ka2 d5 28.
Be3 dxe4 29. Nxe4 Kg7 30. Ng3 Qd5+ 31. Ka1 Rh8 32. h5 Rxh5 33. Nxh5+ Qxh5 34.
Qe4 Qf5 35. Qb7 Qxe6 36. Bd4 Rh8 0-1

[Event "1st League CS 2011"]
[Site "Kraljevo"]
[Date "2011.09.23"]
[Round "9.1"]
[White "Radovanovic, Jovica"]
[Black "Nestorovic, Nikola"]
[Result "1/2-1/2"]
[WhiteElo "2320"]
[BlackElo "2464"]
[PlyCount "89"]
[EventDate "2011.09.17"]

1. c4 e5 2. g3 Nc6 3. Bg2 Nf6 4. Nc3 Bc5 5. e3 a6 6. Nge2 d6 7. O-O Ba7 8. b3
O-O 9. Bb2 h6 10. h3 Rb8 11. d3 Ne7 12. d4 Ng6 13. Qc2 b5 14. Rad1 Bd7 15. Ba1
Re8 16. Kh2 b4 17. dxe5 dxe5 18. Nd5 Nxd5 19. Bxd5 Nf8 20. Ng1 Qe7 21. Bg2 e4
22. Ne2 Rbd8 23. Nf4 c6 24. Qe2 Bb8 25. Rd4 f5 26. Rd2 Bc7 27. Rfd1 Bc8 28. Kg1
Rxd2 29. Rxd2 Rd8 30. Bf1 Ne6 31. Rxd8+ Qxd8 32. Qb2 Qe7 33. Nxe6 Bxe6 34. c5
a5 35. Qd4 Qf7 36. Be2 Qd7 37. Bc4 Bd5 38. Bxd5+ cxd5 39. c6 Qf7 40. Qa7 g5 41.
Qb7 f4 42. Bd4 fxg3 43. fxg3 Bxg3 44. Qxf7+ Kxf7 45. Bb6 1/2-1/2

[Event "1st League CS 2011"]
[Site "Kraljevo"]
[Date "2011.09.23"]
[Round "9.1"]
[White "Todorovic, Jovan"]
[Black "Ivanov, Mikhail M"]
[Result "1/2-1/2"]
[WhiteElo "2420"]
[BlackElo "2396"]
[PlyCount "88"]
[EventDate "2011.09.17"]

1. e4 e5 2. Nf3 Nc6 3. Bb5 a6 4. Ba4 g6 5. c3 d6 6. d4 Bd7 7. d5 Nce7 8. c4 b5
9. Bb3 Nf6 10. Nbd2 bxc4 11. Bxc4 Bg7 12. Qe2 Nh5 13. Nb1 a5 14. Nc3 O-O 15. h3
Rb8 16. g3 h6 17. Nh4 Kh7 18. Kf1 c6 19. Kg2 cxd5 20. Nxd5 Nxd5 21. Bxd5 Nf6
22. Bc4 Qc8 23. Nf3 Bc6 24. Nd2 Nxe4 25. Nxe4 Rb4 26. b3 Qa8 27. Ba3 Bxe4+ 28.
f3 Bb7 29. Bxb4 axb4 30. Rad1 d5 31. Bb5 f5 32. Rhf1 f4 33. Rc1 Qd8 34. Bc6
Bxc6 35. Rxc6 fxg3 36. Qd3 Qg5 37. h4 Qh5 38. Qxd5 Qxh4 39. Rh1 Qg5 40. Rh3 Rd8
41. Rd6 Qe3 42. Rxg3 Qe2+ 43. Kg1 Qe1+ 44. Kg2 Qe2+ 1/2-1/2

[Event "1st League CS 2011"]
[Site "Kraljevo"]
[Date "2011.09.23"]
[Round "9.1"]
[White "Misojcic, Miroslav"]
[Black "Mijailovic, Zoran"]
[Result "1/2-1/2"]
[WhiteElo "2242"]
[BlackElo "2414"]
[PlyCount "34"]
[EventDate "2011.09.17"]

1. d4 d5 2. c4 dxc4 3. Nf3 Nf6 4. e3 Bg4 5. Bxc4 e6 6. h3 Bh5 7. O-O a6 8. a3
Nc6 9. b4 Bd6 10. Bb2 O-O 11. Nbd2 Qe8 12. Rc1 e5 13. d5 Nb8 14. e4 Bg6 15. Re1
Nbd7 16. Nh4 Qe7 17. Nxg6 hxg6 1/2-1/2

[Event "1st League CS 2011"]
[Site "Kraljevo"]
[Date "2011.09.23"]
[Round "9.1"]
[White "Stankovic, Milos"]
[Black "Lazic, Zeljko"]
[Result "1-0"]
[WhiteElo "2375"]
[BlackElo "2211"]
[PlyCount "52"]
[EventDate "2011.09.17"]

1. d4 g6 2. e4 Bg7 3. Nc3 c6 4. Nf3 d6 5. g3 Bg4 6. Bg2 Qc8 7. h3 Bd7 8. Be3
Na6 9. Qd2 b5 10. a3 Nc7 11. e5 d5 12. Ne2 a5 13. Nf4 Ne6 14. Nd3 h5 15. Ng5
Nh6 16. Nxe6 Bxe6 17. Nc5 Bf5 18. Bf4 f6 19. O-O-O Nf7 20. Rde1 O-O 21. g4 hxg4
22. hxg4 Bxg4 23. e6 Nd8 24. Bh6 g5 25. Bxg7 Kxg7 26. Qd3 f5 1-0

[Event "1st League CS 2011"]
[Site "Kraljevo"]
[Date "2011.09.23"]
[Round "9.1"]
[White "Misic, Dragan"]
[Black "Jesic, Dusan"]
[Result "1/2-1/2"]
[WhiteElo "2291"]
[BlackElo "2365"]
[PlyCount "31"]
[EventDate "2011.09.17"]

1. d4 Nf6 2. Nf3 g6 3. g3 Bg7 4. Bg2 O-O 5. c4 d6 6. O-O c6 7. Nc3 Qa5 8. Qd3
e5 9. dxe5 dxe5 10. e4 Rd8 11. Qc2 Bg4 12. Be3 Nbd7 13. a3 Nf8 14. b4 Qc7 15.
Ne2 a5 16. Rad1 1/2-1/2

[Event "1st League CS 2011"]
[Site "Kraljevo"]
[Date "2011.09.23"]
[Round "9.2"]
[White "Radulski, Julian"]
[Black "Simantsev, Mikhail"]
[Result "1/2-1/2"]
[WhiteElo "2572"]
[BlackElo "2549"]
[PlyCount "84"]
[EventDate "2011.09.17"]

1. e4 e5 2. Nf3 Nc6 3. Bb5 a6 4. Ba4 Nf6 5. O-O b5 6. Bb3 Bc5 7. a4 Rb8 8. axb5
axb5 9. c3 d6 10. d4 Bb6 11. h3 O-O 12. Re1 h6 13. Be3 Re8 14. Nbd2 Bb7 15. Bc2
exd4 16. cxd4 Nb4 17. Bf4 Nh5 18. Bh2 Nxc2 19. Qxc2 Qf6 20. e5 dxe5 21. dxe5
Qg6 22. Ne4 Bxe4 23. Qxe4 Qxe4 24. Rxe4 Nf6 25. Rb4 Nd5 26. Rb3 Ra8 27. Rc1 c6
28. Kf1 Re6 29. Ne1 Ra4 30. Nd3 g5 31. Ra3 Rc4 32. Rxc4 bxc4 33. Ne1 Bd4 34.
Ra4 Nb6 35. Ra6 c5 36. Ra5 Rc6 37. Rb5 Na4 38. b3 cxb3 39. Rxb3 c4 40. Rb8+ Kg7
41. Nc2 Rb6 42. e6 Rxb8 1/2-1/2

[Event "1st League CS 2011"]
[Site "Kraljevo"]
[Date "2011.09.23"]
[Round "9.2"]
[White "Marinkovic, Ivan"]
[Black "Milosevic, Aleksandar"]
[Result "1-0"]
[WhiteElo "2425"]
[BlackElo "2275"]
[PlyCount "47"]
[EventDate "2011.09.17"]

1. e4 c6 2. Nc3 d5 3. Nf3 dxe4 4. Nxe4 Nf6 5. Nxf6+ gxf6 6. g3 Qa5 7. Bg2 Qh5
8. h3 Na6 9. b3 Nc7 10. Bb2 Rg8 11. Nd4 Qxd1+ 12. Rxd1 f5 13. Ne2 a5 14. a4 Na6
15. d4 Bg7 16. O-O Bd7 17. Ba3 Rb8 18. Nf4 f6 19. Rfe1 Bf8 20. Re2 b5 21. Bd6
Rb7 22. d5 Rb6 23. dxc6 Bc8 24. Bxe7 1-0

[Event "1st League CS 2011"]
[Site "Kraljevo"]
[Date "2011.09.23"]
[Round "9.2"]
[White "Brankovic, Dejan"]
[Black "Martinovic, Slobodan"]
[Result "1/2-1/2"]
[WhiteElo "2341"]
[BlackElo "2436"]
[PlyCount "32"]
[EventDate "2011.09.17"]

1. e4 c6 2. d4 d5 3. Nc3 dxe4 4. Nxe4 Bf5 5. Ng3 Bg6 6. h4 h6 7. Nf3 Nd7 8. h5
Bh7 9. Bd3 Bxd3 10. Qxd3 e6 11. Bf4 Qa5+ 12. Bd2 Qc7 13. Ne4 Ngf6 14. O-O-O
Nxe4 15. Qxe4 Nf6 16. Qe2 Bd6 1/2-1/2

[Event "1st League CS 2011"]
[Site "Kraljevo"]
[Date "2011.09.23"]
[Round "9.2"]
[White "Arsovic, Goran"]
[Black "Mladenovic, Stefan"]
[Result "1/2-1/2"]
[WhiteElo "2409"]
[BlackElo "2137"]
[PlyCount "78"]
[EventDate "2011.09.17"]

1. d4 Nf6 2. Nf3 e6 3. c4 b6 4. a3 Ba6 5. e3 d5 6. Nbd2 Be7 7. b4 c5 8. dxc5
bxc5 9. b5 Bb7 10. Bb2 Nbd7 11. Bd3 O-O 12. O-O a6 13. a4 dxc4 14. Bxc4 Nb6 15.
Be2 axb5 16. Bxb5 Qc8 17. Ne5 Nfd7 18. Ndc4 Nxc4 19. Bxd7 Nxb2 20. Bxc8 Nxd1
21. Bxb7 Ra7 22. Bf3 Nb2 23. Nc6 Rc7 24. a5 Nc4 25. Ra2 Bf6 26. a6 Nb6 27. a7
Rcc8 28. Rc1 c4 29. Ra6 Na8 30. Rxc4 Nc7 31. Rb6 Na8 32. Rb7 g6 33. Ne7+ Bxe7
34. Rxc8 Rxc8 35. Rb8 Rf8 36. Bxa8 Bc5 37. Rb7 Kg7 38. Rb8 Bxa7 39. Rxf8 Kxf8
1/2-1/2

[Event "1st League CS 2011"]
[Site "Kraljevo"]
[Date "2011.09.23"]
[Round "9.3"]
[White "Misailovic, Nebojsa"]
[Black "Milanovic, Slavisa"]
[Result "0-1"]
[WhiteElo "2301"]
[BlackElo "2411"]
[PlyCount "80"]
[EventDate "2011.09.17"]

1. e4 e6 2. d4 d5 3. Nc3 Bb4 4. e5 c5 5. a3 Bxc3+ 6. bxc3 Ne7 7. Qg4 Qc7 8.
Qxg7 Rg8 9. Qxh7 cxd4 10. Ne2 dxc3 11. f4 Bd7 12. Qd3 Nbc6 13. Rg1 O-O-O 14. g4
d4 15. Rg3 Be8 16. Bg2 Qa5 17. Rb1 a6 18. h4 Qc5 19. Be4 Na5 20. Qf3 Nd5 21. h5
Bb5 22. Qf2 Bxe2 23. Qxe2 Nc4 24. h6 b5 25. h7 Rh8 26. g5 Nd2 27. Bxd2 cxd2+
28. Qxd2 Nc3 29. Rxc3 dxc3 30. Qf2 Rd4 31. Bd3 Qd5 32. Rb4 Rxd3 33. cxd3 Rxh7
34. g6 Rh1+ 35. Ke2 Qa2+ 36. Kf3 Rh3+ 37. Kg4 Qxf2 38. Kxh3 fxg6 39. Kg4 Qg2+
40. Kh4 c2 0-1

[Event "1st League CS 2011"]
[Site "Kraljevo"]
[Date "2011.09.23"]
[Round "9.3"]
[White "Ivanovic, Dragutin"]
[Black "Boskovic, Drasko"]
[Result "1/2-1/2"]
[WhiteElo "2352"]
[BlackElo "2417"]
[PlyCount "84"]
[EventDate "2011.09.17"]

1. d4 Nf6 2. c4 c5 3. d5 e6 4. Nc3 exd5 5. cxd5 d6 6. e4 g6 7. Bg5 Bg7 8. f3
O-O 9. Qd2 a6 10. a4 h6 11. Be3 Re8 12. Nge2 h5 13. Nd1 Nbd7 14. Nec3 Nh7 15.
Be2 Ne5 16. Nf2 f5 17. O-O Bd7 18. Kh1 Qh4 19. Bf4 Rf8 20. g3 Qe7 21. exf5 Rxf5
22. Nfe4 g5 23. Bxe5 Rxe5 24. Bd3 Bh3 25. f4 gxf4 26. gxf4 Rf5 27. Nf2 Bxf1 28.
Bxf5 Bc4 29. Be6+ Kh8 30. Nfe4 Rf8 31. Rg1 b5 32. Qg2 b4 33. Nd1 Rxf4 34. Ne3
Bd3 35. Nxd6 Qf8 36. Nef5 Rg4 37. Qf3 Bxf5 38. Nxf5 Ng5 39. Qe3 Rxg1+ 40. Kxg1
Qf6 41. Nxg7 Kxg7 42. Qxc5 Qxb2 1/2-1/2

[Event "1st League CS 2011"]
[Site "Kraljevo"]
[Date "2011.09.23"]
[Round "9.3"]
[White "Nikolic, Dragovan"]
[Black "Ratkovic, Milovan"]
[Result "1/2-1/2"]
[WhiteElo "2262"]
[BlackElo "2177"]
[PlyCount "82"]
[EventDate "2011.09.17"]

1. Nf3 d5 2. d4 Nf6 3. Bf4 e6 4. e3 c5 5. c3 Nc6 6. Nbd2 Bd6 7. Bxd6 Qxd6 8.
Be2 O-O 9. O-O e5 10. dxe5 Nxe5 11. Nxe5 Qxe5 12. Nf3 Qe7 13. c4 Rd8 14. cxd5
Nxd5 15. Qc2 Bg4 16. h3 Be6 17. Qe4 Qf6 18. Qe5 Qxe5 19. Nxe5 Nb6 20. a4 a5 21.
Rfc1 Rac8 22. Bc4 Bxc4 23. Nxc4 Nxc4 24. Rxc4 Kf8 25. Rac1 b6 26. Kf1 Rd2 27.
R1c2 Rcd8 28. Ke1 Rd1+ 29. Ke2 Rg1 30. g3 Ra1 31. Rd2 Rxd2+ 32. Kxd2 g5 33. h4
h6 34. hxg5 hxg5 35. f3 Rf1 36. Ke2 Rb1 37. Rc2 Ra1 38. b3 Rb1 39. Rc3 Ke7 40.
g4 Ke6 41. f4 Rg1 1/2-1/2

[Event "1st League CS 2011"]
[Site "Kraljevo"]
[Date "2011.09.23"]
[Round "9.3"]
[White "Vuckovic, Branko"]
[Black "Ratkovic, Miloje"]
[Result "0-1"]
[WhiteElo "2271"]
[BlackElo "2135"]
[PlyCount "68"]
[EventDate "2011.09.17"]

1. e4 c6 2. c4 d5 3. cxd5 cxd5 4. exd5 Nf6 5. Bb5+ Nbd7 6. Nc3 a6 7. Be2 b5 8.
d4 Nb6 9. Nf3 Nbxd5 10. O-O e6 11. Bg5 Be7 12. Rc1 O-O 13. Ne5 Bb7 14. Bd3 Nd7
15. Bxe7 Qxe7 16. Nf3 N7f6 17. Qd2 Nxc3 18. bxc3 Bxf3 19. gxf3 Nh5 20. Kh1 Rad8
21. Rg1 g6 22. Rce1 Qf6 23. Be4 b4 24. Qh6 Qh4 25. Qe3 bxc3 26. Rg4 Qf6 27.
Reg1 Rxd4 28. Qh6 Rxe4 29. fxe4 Qf3+ 30. R1g2 c2 31. R4g3 Nxg3+ 32. hxg3 Qh5+
33. Qxh5 gxh5 34. Rg1 Rd8 0-1

[Event "1st League CS 2011"]
[Site "Kraljevo"]
[Date "2011.09.23"]
[Round "9.4"]
[White "Maksimovic, Boban"]
[Black "Zivkovic, Momcilo"]
[Result "1/2-1/2"]
[WhiteElo "2228"]
[BlackElo "2127"]
[PlyCount "20"]
[EventDate "2011.09.17"]

1. c4 Nf6 2. Nf3 e6 3. d4 d5 4. Nc3 c6 5. Bg5 Nbd7 6. e3 Be7 7. Bd3 h6 8. Bh4
a6 9. O-O dxc4 10. Bxc4 b5 1/2-1/2

[Event "1st League CS 2011"]
[Site "Kraljevo"]
[Date "2011.09.23"]
[Round "9.5"]
[White "Vratonjic, Slobo"]
[Black "Bojkov, Dejan"]
[Result "0-1"]
[WhiteElo "2396"]
[BlackElo "2541"]
[PlyCount "94"]
[EventDate "2011.09.17"]

1. e4 e5 2. Nf3 Nc6 3. Bc4 Nf6 4. d3 Bc5 5. c3 a6 6. Bb3 Ba7 7. O-O O-O 8. Re1
d6 9. h3 Ne7 10. Bg5 Ng6 11. Nh4 Kh8 12. Nd2 h6 13. Nxg6+ fxg6 14. Be3 Nh5 15.
Bxa7 Rxa7 16. Re3 Nf4 17. Qf1 Qf6 18. Bd1 Ra8 19. Rg3 Rf7 20. Bg4 Bxg4 21. Rxg4
Raf8 22. Rg3 g5 23. Nc4 Qe6 24. Qd1 g6 25. Re3 b5 26. Nd2 Nxg2 27. Kxg2 Rxf2+
28. Kg1 Qf6 29. Re2 g4 30. Kh1 Qh4 31. Rxf2 Rxf2 32. Qxg4 Qxg4 33. hxg4 Rxd2
34. a4 Kg7 35. axb5 axb5 36. g5 hxg5 37. Ra7 Rxd3 38. Rxc7+ Kf6 39. Rb7 Rd1+
40. Kg2 Rd2+ 41. Kf3 Rxb2 42. Rd7 Ke6 43. Rg7 Rb3 44. Rxg6+ Kd7 45. Rxg5 Rxc3+
46. Ke2 Kc6 47. Kd2 Rh3 0-1

[Event "1st League CS 2011"]
[Site "Kraljevo"]
[Date "2011.09.23"]
[Round "9.5"]
[White "Rajkovic, Dusan"]
[Black "Solomunovic, Igor"]
[Result "1-0"]
[WhiteElo "2415"]
[BlackElo "2402"]
[PlyCount "81"]
[EventDate "2011.09.17"]

1. d4 Nf6 2. c4 e6 3. Nf3 b6 4. g3 Ba6 5. Nbd2 Bb4 6. Qc2 Bb7 7. Bg2 Be4 8. Qd1
Bxd2+ 9. Qxd2 O-O 10. b3 d5 11. Ba3 Re8 12. O-O a5 13. Rfc1 Nc6 14. Qc3 a4 15.
Ne5 Nxe5 16. dxe5 d4 17. Qd2 Bxg2 18. exf6 Bb7 19. Be7 Rxe7 20. Qg5 g6 21. fxe7
Qd7 22. Qf6 Re8 23. c5 Qd5 24. f3 bxc5 25. Rc4 axb3 26. axb3 Qd6 27. Rac1 e5
28. Qg5 Rxe7 29. Rxc5 Kg7 30. Qd2 h5 31. b4 Bd5 32. b5 Bb7 33. e4 h4 34. gxh4
Qf6 35. Kg2 Qxh4 36. Rxc7 Bxe4 37. fxe4 Qg4+ 38. Kf2 Re8 39. Qe2 Qh4+ 40. Kg1
Rh8 41. Rf1 1-0

[Event "1st League CS 2011"]
[Site "Kraljevo"]
[Date "2011.09.23"]
[Round "9.5"]
[White "Rabrenovic, Vladan"]
[Black "Ristic, Nenad"]
[Result "1-0"]
[WhiteElo "2378"]
[BlackElo "2420"]
[PlyCount "65"]
[EventDate "2011.09.17"]

1. d4 Nf6 2. c4 g6 3. Nc3 d5 4. e3 Bg7 5. cxd5 Nxd5 6. Nxd5 Qxd5 7. Ne2 O-O 8.
Nc3 Qa5 9. Bd2 e5 10. d5 c6 11. e4 Qb4 12. Qc2 Qd6 13. Rd1 cxd5 14. exd5 Bg4
15. f3 Bf5 16. Qb3 Na6 17. g4 Nc5 18. Nb5 Qe7 19. Qe3 Bc2 20. Rc1 Qh4+ 21. Qf2
Nd3+ 22. Bxd3 Qxf2+ 23. Kxf2 Bxd3 24. Nc7 Rac8 25. Bb4 Rfd8 26. Be7 Rd7 27. d6
f5 28. Ne6 Bc2 29. Rhd1 Bh6 30. g5 Bf8 31. Nxf8 Rxf8 32. Rxc2 Re8 33. Rc7 1-0

[Event "1st League CS 2011"]
[Site "Kraljevo"]
[Date "2011.09.23"]
[Round "9.5"]
[White "Ristic, Nebojsa M"]
[Black "Kojovic, Dragan"]
[Result "0-1"]
[WhiteElo "2379"]
[BlackElo "2367"]
[PlyCount "78"]
[EventDate "2011.09.17"]

1. c4 Nf6 2. Nc3 e5 3. g3 Bb4 4. Bg2 O-O 5. Qb3 a5 6. a3 Bxc3 7. Qxc3 Re8 8. d3
h6 9. Nf3 d5 10. O-O d4 11. Qc2 Nc6 12. Rb1 a4 13. b4 axb3 14. Rxb3 Ra7 15. Qb2
Nd7 16. Rb5 Qe7 17. e4 Nc5 18. Rxc5 Qxc5 19. Ne1 Ra5 20. f4 b5 21. f5 f6 22.
cxb5 Nd8 23. Qb3+ Kh8 24. Qd1 Rxb5 25. Qh5 Qf8 26. Nf3 Qf7 27. Qh3 Kg8 28. g4
Rb3 29. g5 fxg5 30. Bxg5 hxg5 31. Nxg5 Qf6 32. Qh7+ Kf8 33. Qh5 Ke7 34. Nh7 Qf7
35. Qh4+ Kd6 36. f6 Ne6 37. Qe1 g5 38. Qa5 c6 39. Rf5 Rb5 0-1

[Event "1st League CS 2011"]
[Site "Kraljevo"]
[Date "2011.09.23"]
[Round "9.5"]
[White "Sredojevic, Ivan"]
[Black "Todorovic, Goran N"]
[Result "1/2-1/2"]
[WhiteElo "2426"]
[BlackElo "2396"]
[PlyCount "61"]
[EventDate "2011.09.17"]

1. e4 Nc6 2. Nf3 d6 3. h3 Nf6 4. Nc3 e5 5. d4 Be7 6. Bb5 Bd7 7. d5 Nb8 8. Bxd7+
Nbxd7 9. Be3 c6 10. Qd3 Qa5 11. O-O cxd5 12. exd5 O-O 13. Nd2 a6 14. a4 Rfc8
15. Nc4 Qb4 16. b3 b5 17. axb5 axb5 18. Rxa8 Rxa8 19. Nd2 Rb8 20. Ra1 Nc5 21.
Bxc5 Qxc5 22. Ra5 Rc8 23. Nxb5 Qxc2 24. Qxc2 Rxc2 25. Nc4 Rc1+ 26. Kh2 Rd1 27.
Ra8+ Bf8 28. Ncxd6 Nxd5 29. Rd8 f6 30. Rb8 Ne7 31. g4 1/2-1/2

[Event "1st League CS 2011"]
[Site "Kraljevo"]
[Date "2011.09.23"]
[Round "9.5"]
[White "Djokic, Nenad"]
[Black "Govedarica, Radovan"]
[Result "1/2-1/2"]
[WhiteElo "2362"]
[BlackElo "2389"]
[PlyCount "42"]
[EventDate "2011.09.17"]

1. d4 Nf6 2. Nf3 d5 3. c4 e6 4. Nc3 Bb4 5. Bg5 Nbd7 6. e3 c5 7. cxd5 exd5 8.
Bd3 cxd4 9. Nxd4 Bxc3+ 10. bxc3 O-O 11. O-O Qa5 12. Qc2 h6 13. Bh4 b6 14. a4
Qc5 15. a5 bxa5 16. Rfb1 a6 17. Nb3 Qd6 18. Bg3 Ne5 19. Rxa5 Re8 20. Rba1 Qb6
21. Be2 Nc4 1/2-1/2

[Event "1st League CS 2011"]
[Site "Kraljevo"]
[Date "2011.09.23"]
[Round "9.6"]
[White "Raicevic, Momcilo"]
[Black "Stojanovski, Dejan"]
[Result "1/2-1/2"]
[WhiteElo "2379"]
[BlackElo "2427"]
[PlyCount "27"]
[EventDate "2011.09.17"]

1. c4 c5 2. g3 Nf6 3. Bg2 d5 4. cxd5 Nxd5 5. Nc3 Nc7 6. Nf3 Nc6 7. O-O e5 8. d3
Be7 9. Nd2 Bd7 10. Nc4 f6 11. f4 b5 12. Ne3 exf4 13. Nf5 b4 14. Nxe7 1/2-1/2

[Event "1st League CS 2011"]
[Site "Kraljevo"]
[Date "2011.09.23"]
[Round "9.6"]
[White "Djukic, Zeljko"]
[Black "Jovanovic, Nenad R"]
[Result "1/2-1/2"]
[WhiteElo "2399"]
[BlackElo "2338"]
[PlyCount "116"]
[EventDate "2011.09.17"]

1. d4 Nf6 2. c4 e6 3. Nc3 Bb4 4. f3 Nc6 5. Bg5 d5 6. e3 O-O 7. f4 h6 8. Bxf6
Bxc3+ 9. bxc3 Qxf6 10. Nf3 b6 11. Qa4 Ne7 12. Bd3 dxc4 13. Qxc4 Bb7 14. O-O c5
15. Ne5 Rfc8 16. dxc5 Qh4 17. Qa4 Rxc5 18. c4 Bc6 19. Qc2 Rc8 20. Bh7+ Kf8 21.
Be4 Rxe5 22. Bxc6 Rxe3 23. Bb7 Rc7 24. Be4 f5 25. Qd2 Rxe4 26. Qd8+ Kf7 27.
Qxc7 g5 28. fxg5 Rxc4 29. g6+ Kxg6 30. Qxa7 Qd4+ 31. Kh1 Nd5 32. Qd7 Qe5 33.
Qe8+ Kg7 34. Rad1 Re4 35. Qd7+ Kg6 36. Qe8+ Kg7 37. Rc1 Rf4 38. Rxf4 Nxf4 39.
Qe7+ Kg6 40. Qe8+ Kg7 41. Qe7+ Kg6 42. Qh4 Qd6 43. Qg3+ Kf6 44. Qc3+ Kg6 45.
Qc6 Qd2 46. a4 Qe3 47. Rb1 Nd5 48. Qe8+ Kf6 49. h3 Nc3 50. Qd8+ Kg6 51. Qxb6
Qe4 52. Rb4 Qe1+ 53. Qg1 Qe5 54. Qa1 Qc7 55. a5 Ne4 56. Rb6 Nf2+ 57. Kg1 Nxh3+
58. gxh3 Qg3+ 1/2-1/2

[Event "1st League CS 2011"]
[Site "Kraljevo"]
[Date "2011.09.23"]
[Round "9.6"]
[White "Vencl, Radivoje"]
[Black "Mitrovic, Darko R"]
[Result "1-0"]
[WhiteElo "2315"]
[BlackElo "2303"]
[PlyCount "109"]
[EventDate "2011.09.17"]

1. Nf3 Nf6 2. d4 e6 3. c3 b6 4. Bg5 Bb7 5. Nbd2 h6 6. Bh4 Be7 7. Qc2 d5 8. e3
O-O 9. h3 c5 10. g4 cxd4 11. exd4 Ne4 12. Bxe7 Qxe7 13. Rg1 Nd7 14. Bb5 f6 15.
Nxe4 dxe4 16. Nd2 f5 17. Bxd7 Qxd7 18. Nc4 Rac8 19. Qb3 Bd5 20. Ne5 Qc7 21. Qd1
Rf6 22. Qd2 f4 23. g5 hxg5 24. Rxg5 b5 25. h4 Kh7 26. Qe2 f3 27. Qe3 Rcf8 28.
Kd2 Rh6 29. Rag1 Rf5 30. R5g4 Qe7 31. Ng6 Qf6 32. b3 Bb7 33. Kc2 a6 34. R1g3
Rfh5 35. Qc1 b4 36. Qg1 e3 37. Nf8+ Kg8 38. Rxg7+ Kxf8 39. Rxb7 Rh8 40. Rgg7
Rb5 41. Rbc7 Rb8 42. Qg3 Rd8 43. fxe3 f2 44. Rcf7+ Qxf7 45. Rxf7+ Kxf7 46.
Qxf2+ Ke7 47. cxb4 Rh6 48. Qe2 Rdh8 49. Qxa6 Rxh4 50. b5 Rh2+ 51. Kd3 R2h6 52.
b6 Rf8 53. Qa3+ Kf7 54. Qxf8+ Kxf8 55. b7 1-0

[Event "1st League CS 2011"]
[Site "Kraljevo"]
[Date "2011.09.23"]
[Round "9.6"]
[White "Djokic, Vladan"]
[Black "Lukic, Dragan M"]
[Result "1-0"]
[WhiteElo "2299"]
[BlackElo "2307"]
[PlyCount "71"]
[EventDate "2011.09.17"]

1. e4 Nf6 2. e5 Nd5 3. d4 d6 4. c4 Nb6 5. exd6 cxd6 6. Nc3 g6 7. Be3 Bg7 8. Rc1
O-O 9. b3 e5 10. dxe5 dxe5 11. Qxd8 Rxd8 12. c5 N6d7 13. Bc4 Nc6 14. Nf3 Na5
15. Be2 b6 16. cxb6 Nxb6 17. O-O Bb7 18. Ng5 h6 19. Nge4 Nd5 20. Nxd5 Bxd5 21.
Nc3 Bb7 22. Nb5 Ba6 23. Rfe1 Bxb5 24. Bxb5 a6 25. Bf1 Nb7 26. g3 Nd6 27. Bb6
Rd7 28. Red1 Bf8 29. Rc6 a5 30. a4 Rb8 31. Bxa5 Be7 32. Bc7 Ra8 33. Bxd6 Bf8
34. Kg2 Rad8 35. Bxf8 Rxd1 36. Bxh6 1-0

[Event "1st League CS 2011"]
[Site "Kraljevo"]
[Date "2011.09.23"]
[Round "9.6"]
[White "Nikolajevic, Branislav"]
[Black "Djukic, Stevan"]
[Result "0-1"]
[WhiteElo "2176"]
[BlackElo "2226"]
[PlyCount "56"]
[EventDate "2011.09.17"]

1. e4 e6 2. d4 d5 3. Nd2 Nf6 4. e5 Nfd7 5. Bd3 c5 6. c3 Nc6 7. Ne2 cxd4 8. cxd4
f6 9. Nf4 Nxd4 10. Qh5+ Ke7 11. Ng6+ hxg6 12. Qxh8 Nxe5 13. Qh3 Ndf3+ 14. Nxf3
Nxd3+ 15. Ke2 Nc5 16. b4 Ne4 17. Nd2 e5 18. Qb3 Be6 19. Qe3 Nd6 20. Rd1 d4 21.
Qg3 Kf7 22. a3 Rc8 23. Kf1 Rc3 24. Qh4 Kg8 25. Kg1 Be7 26. f3 Nf5 27. Qf2 Ne3
28. Re1 Nc2 0-1

[Event "1st League CS 2011"]
[Site "Kraljevo"]
[Date "2011.09.23"]
[Round "9.6"]
[White "Stankovic, Dejan"]
[Black "Ristovic, Radovan"]
[Result "1-0"]
[WhiteElo "2281"]
[BlackElo "2107"]
[PlyCount "59"]
[EventDate "2011.09.17"]

1. e4 e5 2. Nf3 Nc6 3. Bb5 Nf6 4. Qe2 Bc5 5. c3 O-O 6. O-O d6 7. Bxc6 bxc6 8.
h3 h6 9. d4 exd4 10. cxd4 Bb6 11. Nc3 Re8 12. e5 Nd5 13. Qc4 Nxc3 14. bxc3 Qd7
15. Ba3 a5 16. Rfe1 Ba6 17. Qa4 d5 18. Qc2 Qe6 19. Nh4 Bc8 20. g4 h5 21. f3
hxg4 22. hxg4 a4 23. Kg2 Ra5 24. Qf2 c5 25. Rh1 cxd4 26. cxd4 c5 27. Nf5 Qg6
28. Qh4 f6 29. Qh8+ Kf7 30. Nd6+ 1-0